Movies Quiz

Random Movies or Alphabet Quiz

Best Picture Oscar nominees G-L Quiz Stats

 Plays Quiz not verified by Sporcle

Score 0/136 Timer 14:00
0 Plays Today
Hint Film % Correct
GThe Godfather
90.9%
GGrand Hotel
90.6%
GThe Godfather Part II
89.8%
HHer
89.3%
GGone with the Wind
88.6%
GThe Godfather Part III
87.5%
GGoodfellas
85.5%
GGreen Book
85.5%
LThe Letter
84.5%
IIn the Heat of Night
83.9%
GGoing My Way
83.6%
GThe Good Earth
82.8%
LLion
81.1%
GThe Grapes of Wrath
81%
IIt Happened One Night
80.7%
KThe King's Speech
80.7%
LThe Lord of the Rings: The Return of the King
80.5%
HHow Green was My Valley
80.5%
HHamlet
80.4%
LThe Lord of the Rings: The Two Towers
80.4%
LThe Lord of the Rings: The Fellowship of the Ring
80.1%
GThe Great Ziegfeld
80.1%
IInception
79.5%
GGoodbye, Mr. Chips
79.1%
GGigi
78.7%
IIt's a Wonderful Life
78.1%
GGaslight
77.8%
JJezebel
77.8%
GGuess Who's Coming to Dinner
77.6%
HHacksaw Ridge
77.6%
GGrand Illusion
77.5%
GThe Grand Budapest Hotel
77.5%
GGreat Expectations
77.3%
GThe Greatest Show on Earth
77.2%
LLes Miserables (2012)
77.2%
LLes Miserables (1935)
77%
HHidden Figures
77%
HHell or High Water
76.7%
GGood Will Hunting
76.3%
GThe Green Mile
76.3%
GGiant
76%
GGladiator
76%
GThe Goodbye Girl
75.5%
JJuno
75.5%
GThe Great Dictator
75.2%
HHere Comes the Navy
75%
Hint Film % Correct
HHere Comes Mr. Jordan
75%
JJaws
75%
JJerry Maguire
74.9%
HHeaven Can Wait (1943)
74.4%
HHeaven Can Wait (1978)
74.4%
GGhost
74.3%
LLost in Translation
74.3%
GGandhi
74.1%
LThe Lost Weekend
74.1%
KThe King and I
74%
KKramer vs. Kramer
74%
GGentleman's Agreement
73.8%
LLove Story
73.7%
KThe Killing Fields
73.7%
KKitty Foyle
73.5%
LLittle Miss Sunshine
73.5%
IIn the Name of the Father
73.5%
GGravity
73.5%
GThe Graduate
73.1%
LLetters from Iwo Jima
73.1%
IIn the Bedroom
72.6%
II am a Fugitive from a Chain Gang
72.3%
LThe Lion in Winter
71.8%
IIn Old Chicago
71.7%
IIvanhoe
71.7%
IThe Insider
71.7%
IIn Old Arizona
71.5%
LLincoln
71.4%
IThe Imitation Game
71.4%
IImitation of Life
70.8%
GGet Out
70.8%
HHugo
70.3%
GThe Gay Divorcee
69.9%
HHowards End
69.9%
JJudgment at Nuremberg
69.9%
JJulia
69.9%
GGosford Park
69.6%
HHenry V
69.6%
KThe Kids Are All Right
69.3%
HThe Help
69.1%
KKing Solomon's Mines
68.8%
LLady Bird
68.8%
LLawrence of Arabia
68.6%
GGood Night, and Good Luck
68.3%
KKings Row
68.3%
HHigh Noon
68.2%
Hint Film % Correct
GGangs of New York
68%
JJulius Caesar
68%
LLittle Women
67.9%
JJ.F.K.
67.9%
IThe Informer
67.7%
LThe Life of Emile Zola
67.7%
LA Letter to Three Wives
67.3%
IInglourious Basterds
67%
LLa La Land
66.8%
HHouse of Rothschild
66.7%
LLove Affair
66.7%
KKiss of the Spider Woman
66.2%
HThe Heiress
66.1%
JJohnny Belinda
65.6%
HThe Human Comedy
65.3%
HHannah and Her Sisters
65.3%
HThe Hustler
64.7%
GThe Guns of Navarone
64.5%
HThe Hours
64.5%
LThe Last Picture Show
64.2%
HHollywood Revue
64.1%
LThe Lives of a Bengal Lancer
64.1%
IIn Which We Serve
63.8%
LThe Longest Day
63.6%
LLife of Pi
63.2%
LLady for a Day
63%
LLost Horizon
63%
HHope and Glory
62.9%
LL.A. Confidential
61%
LLove is a Many-Splendored Thing
60.6%
HHow the West Was Won
60.4%
LLenny
59.5%
HHold Back the Dawn
59.2%
LThe Last Emperor
58.9%
LLife is Beautiful
58.4%
HThe Hurt Locker
58%
LLibeled Lady
57.5%
LThe Long Voyage Home
56.6%
LThe Love Parade
56.5%
HHello, Dolly!
56.5%
IIl Postino
56.5%
IThe Invaders
56.2%
LLilies of the Field
55.1%
LThe Little Foxes
54%

You're not logged in!

Compare scores with friends on all Sporcle quizzes.
OR
Log In

Show Comments

Extras

Top Quizzes Today


Score Distribution

Your Account Isn't Verified!

In order to create a playlist on Sporcle, you need to verify the email address you used during registration. Go to your Sporcle Settings to finish the process.

Report this User

Report this user for behavior that violates our Community Guidelines.

Details: